000 03735cam a2200457 i 4500
001 22401150
005 20250506152950.0
008 220128s2022 cau b 001 0 eng
010 _a 2022004024
020 _a9781503631106
037 _cTB
040 _aAL
_beng
_erda
_cAL
_dAL
042 _apcc
043 _aas-----
050 0 0 _aJZ6009.S644
_bM37 2022
084 _aW:1949G(zP) R2
_qAL
100 1 _aMartel, Stéphanie
_c(Professor of political science),
_eauthor.
_9753806
245 1 0 _aEnacting the security community:
_bASEAN's never-ending story
260 _aStanford, California :
_bStanford University Press,
_c2022
264 1 _c[2022]
300 _axvii, 216p.;
_c24 cm.
336 _atext
_btxt
_2rdacontent
337 _aunmediated
_bn
_2rdamedia
338 _avolume
_bnc
_2rdacarrier
365 _b63.00
_cUKP
490 1 _aStudies in Asian security
504 _aIncludes bibliographical references and index.
505 0 _aA cautionary tale : discourse in the making of a security community -- "It's alive!" : security community-building as practice -- Ghosts of the past, present, and future : ASEAN's approach to regional security -- The bogeymen are coming : from transnational crime to "non-traditional security" -- Here there be dragons : managing interstate conflict in the Asia-Pacific Region -- Sirens are calling : the "people-centered" security community -- To Hell and back : ASEAN's continuing odyssey.
520 _a"Enacting the Security Community illuminates the central role of discourse in the making of security communities through a case study of the Association of Southeast Asian Nations (ASEAN). Despite decades of discussion, scholars of political science and international relations have long struggled to identify what kind of security community ASEAN is striving to become. Talk about security, Stéphanie Martel argues in this innovative study, is more than empty rhetoric. It is precisely through discourse that ASEAN is brought into being as a security community. Martel analyzes the epic narratives that state and non-state actors tell about ASEAN's journey to becoming a security community, featuring a colorful cast of heroes and monsters. Chapters address a wide spectrum of current regional security concerns, from the South China Sea disputes to the Rohingya crisis, and nontraditional challenges like natural disasters and pandemics. Through fieldwork and in-depth interviews with practitioners, Martel provides clear evidence that discourse is key to sustaining regional organizations like ASEAN. Enacting the Security Community is an incisive contribution to debates among scholars and practitioners about security communities as well as the role of discourse in the study of world politics, and essential reading for students of Southeast Asian International Relations, politics, and security"--
_cProvided by publisher.
610 2 0 _aASEAN.
_9336494
650 0 _aSecurity, International
_zSoutheast Asia.
_9753807
650 0 _aPolitical Science
651 0 _aSoutheast Asia
_xForeign relations.
_9753808
651 0 _aSoutheast Asia
_xPolitics and government
_y1945-
_9753809
776 0 8 _iOnline version:
_aMartel, Stéphanie (Professor of political science).
_tEnacting the security community.
_dStanford, California : Stanford University Press, 2022
_z9781503632035
_w(DLC) 2022004025
830 0 _aStudies in Asian security.
_9753810
906 _a7
_bcbc
_corignew
_d1
_eecip
_f20
_gy-gencatlg
942 _2CC
_cTB
_hW:1949G(zP) R2
_n0
999 _c1309970
_d1309970